书目信息 |
| 题名: |
战后国际通货危机与世界经济危机
|
|
| 作者: | 林直道 著 ;朱绍文 译 | |
| 分册: | ||
| 出版信息: | 北京 商务印书馆 1976 |
|
| 页数: | 294页 | |
| 开本: | 19cm | |
| 丛书名: | ||
| 单 册: | ||
| 中图分类: | F113.7 , F821.5 , F11 | |
| 科图分类: | ||
| 主题词: | 经济危机--世界 , 货币危机--世界 | |
| 电子资源: | ||
| ISBN: | ||
| 000 | 00726nam0 2200253 450 | |
| 001 | 1557324229 | |
| 005 | 20150127135431.00 | |
| 091 | @a4017.148@d0.74 | |
| 100 | @a19950705d1976 em y0chiy0110 ea | |
| 101 | 1 | @achi@cjpn |
| 102 | @aCN@b110000 | |
| 105 | @ay z 000yy | |
| 200 | 1 | @a战后国际通货危机与世界经济危机@9zhan hou guo ji tong huo wei ji yu shi jie jing ji wei ji@f(日)林直道著@g朱绍文译 |
| 210 | @a北京@c商务印书馆@d1976 | |
| 215 | @a294页@d19cm | |
| 606 | 0 | @a经济危机@y世界 |
| 606 | 0 | @a货币危机@y世界 |
| 690 | @aF113.7@v5 | |
| 690 | @aF821.5@v5 | |
| 690 | @aF11@v4 | |
| 701 | 0 | @a林直道@9lin zhi dao@4著 |
| 702 | 0 | @a朱绍文@9zhu shao wen@4译 |
| 801 | 0 | @aCN@bTSSF@c20150127 |
| 905 | @aZUCC@dF11@eJY4 | |
| 战后国际通货危机与世界经济危机/(日)林直道著/朱绍文译.-北京:商务印书馆,1976 |
| 294页;19cm |
| ISBN : |
| ● |
| 相关链接 |
|
|
|
|
正题名:战后国际通货危机与世界经济危机
索取号:F11/JY4
 
预约/预借
| 序号 | 登录号 | 条形码 | 馆藏地/架位号 | 状态 | 备注 |
| 1 | 7838052 | 278380529 | 学院路分馆/ [索取号:F11/JY4] | 在馆 | |
| 2 | 7838059 | 278380592 | 学院路分馆/ [索取号:F11/JY4] | 在馆 |